000 00566nam a2200229Ia 4500
003 OSt
005 20220924153744.0
006 a|||||r|||| 00| 0
007 ta
008 220923b |||||||| |||| 00| 0 tam d
024 _a351518
037 _cTextual
040 _aARTS
_cARTS
_btam
041 _2tam
_atam
082 _aP31, 31N4
100 _aMurugaratnam Au.
_9229681
245 0 _aMozhiyayvuk kathuraigal
260 _c1994
650 _aLINGUISTICS
942 _hP31, 31N4
_cTEXL
_2CC
999 _c474686
_d474686